| 000 | 00834nam a2200253 a 4500 | ||
|---|---|---|---|
| 001 | 000012378 | ||
| 005 | 20200929163021.0 | ||
| 008 | 091111s1983 ag 000 f spa d | ||
| 020 | _a9501501647 | ||
| 040 |
_aDO-SdBNP _bspa _cBNPHU |
||
| 041 | 1 | 7 |
_aspa _heng _2Código de idioma MARC |
| 082 |
_a813.54 _bL945m |
||
| 100 | 1 |
_aLudlum, Robert, _d1927-2001. _910566 |
|
| 240 | 1 | 4 |
_aThe parsifal mosaic. _lEspañol |
| 245 | 1 | 3 |
_aEl mosaico de parsifal / _cRobert Ludlum ; traducción de Aníbal Leal. |
| 260 |
_aBuenos Aires : _bJavier Vergara, _c1983. |
||
| 300 |
_a657 p. ; _c22 cm. |
||
| 534 |
_pTítulo original: _tThe parsifal mosaic _cRandom House, 1982. |
||
| 650 | 4 |
_aNovela estadounidense _9262 |
|
| 650 | 4 |
_aLiteratura estadounidense _ySIGLO XX _96874 |
|
| 700 | 1 |
_aLeal, Aníbal, _etr. _94573 |
|
| 910 | _aWM | ||
| 049 | _aBNGR | ||
| 999 |
_c12035 _d12035 |
||